| 000 | 00565nam a2200181Ia 4500 | ||
|---|---|---|---|
| 003 | IN-BaIIA | ||
| 008 | 211028s9999 xx 000 0 eng d | ||
| 020 | _a978-1-4419-5709-2 | ||
| 040 | _cIIA Library | ||
| 080 |
_a535.4:52 _bSAH |
||
| 100 |
_aSaha, S. K _930698 |
||
| 245 | 0 |
_aAperature synthesis _bmethods and applications to opt.ical astronomy _cS. K Saha |
|
| 260 |
_aNew York _bSpringer _c2010 |
||
| 300 | _axxiii, 466p | ||
| 650 |
_aInterferometry _93249 |
||
| 650 |
_aOptical astronomy _94227 |
||
| 942 | _cBK | ||
| 999 |
_c18018 _d18018 |
||